Score 0/32 Timer 06:00
2 Plays Today
% Correct
Animal Farm
85.1%
Angels & Demons
83.1%
Around the World in Eighty Days
81.7%
Anna Karenina
80.1%
All's Well That Ends Well
73.7%
Atlas Shrugged
71.4%
The Aeneid
71.2%
Are You There God? It's Me, Margaret
66.4%
Angela's Ashes
61.1%
A is for Alibi
55.7%
Agamemnon
51.9%
As I Lay Dying
50.6%
Antigone
50.3%
The Age of Innocence
49.3%
The Amber Spyglass
47.6%
Atonement
46.7%
% Correct
Appointment with Death
46.2%
Anne of Avonlea
44.8%
All Quiet on the Western Front
44.1%
American Psycho
42.9%
Adam Bede
37%
All the Pretty Horses
36.4%
All the King's Men
32.2%
The Awakening
32.1%
The Adventures of Augie March
30.3%
American Pastoral
26.2%
Arms and the Man
25.9%
Alias Grace
24.6%
Anansi Boys
23.8%
The Alienist
23%
Appointment in Samarra
16.9%
Angle of Repose
15.8%
Remove Ads.
Support Sporcle.
Get the best of Sporcle when you Go Orange. This ad-free experience offers more features, more stats, and more fun while also helping to support Sporcle. Thank you for becoming a member.

You're not logged in!

Compare scores with friends on all Sporcle quizzes.
OR
Log In

Show Comments

Extras

Top Quizzes Today


Score Distribution

Your Account Isn't Verified!

In order to create a playlist on Sporcle, you need to verify the email address you used during registration. Go to your Sporcle Settings to finish the process.

Report this User

Report this user for behavior that violates our Community Guidelines.

Details: